00455nam a2200169 a 4500001001300000003000900013005001700022008004100039020002200080082002100102100002100123245004900144260003800193300000800231500003500239650001100274nice12345678IN_TiNIC20260116014339.0090727s2004 newa grp 000 0 eng  a819020940X c2000a306.0899145bPAT aPatankar, Bharat aDalit Liberation Movement in Colonial Period aNew Delhi bCritical Quest c2004 a31p aincludes index and biblioraphy aDalits